MARC details
| 000 -LEADER |
| campo de control de longitud fija |
01472camaa2200445Mi 4500 |
| 001 - NÚMERO DE CONTROL |
| campo de control |
93455 |
| 005 - FECHA Y HORA DE LA ÚLTIMA TRANSACCIÓN |
| campo de control |
20230410132922.0 |
| 008 - DATOS DE LONGITUD FIJA--INFORMACIÓN GENERAL |
| campo de control de longitud fija |
900725s19779999sp 000 0 spa d |
| 035 ## - NÚMERO DE CONTROL DEL SISTEMA |
| Número de control de sistema |
(OCoLC)ocn433960686 |
| 040 ## - FUENTE DE CATALOGACIÓN |
| Centro catalogador/agencia de origen |
BNM |
| Lengua de catalogación |
spa |
| Centro/agencia transcriptor |
BNM |
| Centro/agencia modificador |
U6C |
| 016 7# - NÚMERO DE CONTROL DE UNA AGENCIA BIBLIOGRÁFICA NACIONAL |
| Número de control del registro |
bimoBNE19982914040 |
| Fuente |
SpMaBN |
| 017 ## - NÚMERO DE COPYRIGHT O DE DEPÓSITO LEGAL |
| Número de copyright o de depósito legal |
M 20180-1977 |
| 019 ## - |
| -- |
503223072 |
| 020 ## - NÚMERO INTERNACIONAL ESTÁNDAR DEL LIBRO |
| Número Internacional Estándar del Libro |
8424934830 |
| 020 ## - NÚMERO INTERNACIONAL ESTÁNDAR DEL LIBRO |
| Número Internacional Estándar del Libro |
9788424934835 |
| 035 ## - NÚMERO DE CONTROL DEL SISTEMA |
| Número de control de sistema |
(OCoLC)433960686 |
| Número de control cancelado/no válido |
(OCoLC)503223072 |
| 041 1# - CÓDIGO DE IDIOMA |
| Código de lengua del texto/banda sonora o título independiente |
spa |
| Código de lengua original |
grc |
| 050 14 - SIGNATURA TOPOGRÁFICA DE LA BIBLIOTECA DEL CONGRESO |
| Número de clasificación |
B 171 |
| Número de ítem |
B582 1977 |
| 049 ## - FONDOS LOCALES (OCLC) |
| Biblioteca depositaria |
GRAL |
| 100 0# - ENTRADA PRINCIPAL--NOMBRE DE PERSONA |
| Nombre de persona |
Jenofonte. |
| 130 1# - ENTRADA PRINCIPAL--TÍTULO UNIFORME |
| Título uniforme |
Biblioteca Clásica Gredos |
| 245 10 - MENCIÓN DEL TÍTULO |
| Título |
Helénicas / |
| Mención de responsabilidad, etc. |
Jenofonte ; traducción, introducción y notas de Orlando Guntiñas Tuñón ; [traducción revisada por Antonio Guzmán Guerra]. |
| 260 ## - PUBLICACIÓN, DISTRIBUCIÓN, ETC. |
| Lugar de publicación, distribución, etc. |
Madrid : |
| Nombre del editor, distribuidor, etc. |
Gredos, |
| Fecha de publicación, distribución, etc. |
1977. |
| 300 ## - DESCRIPCIÓN FÍSICA |
| Extensión |
342 p. |
| Dimensiones |
20 cm. |
| 440 #0 - MENCIÓN DE SERIE/PUNTO DE ACCESO ADICIONAL--TÍTULO |
| Título |
Biblioteca Clásica Gredos; |
| Designación de volumen o secuencia |
n.2 |
| 500 ## - NOTA GENERAL |
| Nota general |
Indices. |
| 504 ## - NOTA DE BIBLIOGRAFÍA, ETC. |
| Nota de bibliografía, etc. |
Bibliografía: p. 25-26. |
| 650 #0 - PUNTO DE ACCESO ADICIONAL DE MATERIA--TÉRMINO DE MATERIA |
| Término de materia o nombre geográfico como elemento de entrada |
Philosophy, Classical. |
| 650 #0 - PUNTO DE ACCESO ADICIONAL DE MATERIA--TÉRMINO DE MATERIA |
| Término de materia o nombre geográfico como elemento de entrada |
Philosophy, Ancient. |
| 650 #0 - PUNTO DE ACCESO ADICIONAL DE MATERIA--TÉRMINO DE MATERIA |
| Término de materia o nombre geográfico como elemento de entrada |
Philosophers, Ancient |
| Subdivisión general |
Biography |
| 651 #7 - PUNTO DE ACCESO ADICIONAL DE MATERIA--NOMBRE GEOGRÁFICO |
| Nombre geográfico |
Grecia |
| Subdivisión general |
Historia |
| Subdivisión cronológica |
431-404 a.C. (Guerra del Peloponeso) |
| Fuente del encabezamiento o término |
embne |
| 651 #7 - PUNTO DE ACCESO ADICIONAL DE MATERIA--NOMBRE GEOGRÁFICO |
| Nombre geográfico |
Grecia |
| Subdivisión general |
Historia |
| Subdivisión cronológica |
404-362 a.C. (Supremacía espartana y tebana) |
| Fuente del encabezamiento o término |
embne |
| 651 #4 - PUNTO DE ACCESO ADICIONAL DE MATERIA--NOMBRE GEOGRÁFICO |
| Nombre geográfico |
Grecia |
| Subdivisión general |
Historia |
| Subdivisión cronológica |
404-362 A. C. |
| 700 1# - ENTRADA AGREGADA--NOMBRE PERSONAL |
| Nombre de persona |
Guntiñas Tuñón, Orlando. |
| 700 1# - ENTRADA AGREGADA--NOMBRE PERSONAL |
| Nombre de persona |
Guzmán Guerra, Antonio. |
| 830 #0 - PUNTO DE ACCESO ADICIONAL DE SERIE-TÍTULO UNIFORME |
| Título uniforme |
Biblioteca clásica Gredos ; |
| Designación de volumen o secuencia |
2. |
| 942 ## - ELEMENTOS DE ENTRADA SECUNDARIOS (KOHA) |
| Fuente del sistema de clasificación o colocación |
Clasificación de Library of Congress |
| Tipo de ítem Koha |
|
| 946 ## - PROCESAMIENTO DE INFORMACIÓN LOCAL (OCLC) |
| a |
mjcruz |
| 994 ## - |
| -- |
C0 |
| -- |
DRFGD |